International Affairs (Record no. 1872)

000 -LEADER
fixed length control field 00275 a2200097 4500
082 ## - DEWEY DECIMAL CLASSIFICATION NUMBER
Classification number 954.91 SAF
100 ## - MAIN ENTRY--PERSONAL NAME
Personal name Mahmood, Dr. Safdar
245 ## - TITLE STATEMENT
Title International Affairs
Statement of responsibility, etc. Dr. Safdar Mahmood
260 ## - PUBLICATION, DISTRIBUTION, ETC.
Place of publication, distribution, etc. Pakistan :
Name of publisher, distributor, etc. Jang Publishers,
Date of publication, distribution, etc. 2006
300 ## - PHYSICAL DESCRIPTION
Extent 719p. :
Other physical details ill. ;
Dimensions 25 cm
650 ## - SUBJECT ADDED ENTRY--TOPICAL TERM
Topical term or geographic name entry element International Affairs
Holdings
Withdrawn status Lost status Damaged status Not for loan Permanent Location Current Location Shelving location Date acquired Total Checkouts Full call number Barcode Date last seen Price effective from Koha item type
        School of Civil and Environmental Engineering (SCEE) School of Civil and Environmental Engineering (SCEE)       954.91 SAF NIT-2695 01/05/2017 01/05/2017 Book
© 2023 Central Library, National University of Sciences and Technology. All Rights Reserved.